El derecho de empresa : (Registro nro. 49759)

Detalles MARC
000 -LEADER
fixed length control field 01427nam a2200277 4500
001 - CONTROL NUMBER
control field 0000020328
003 - CONTROL NUMBER IDENTIFIER
control field CO-CtgCURN
005 - DATE AND TIME OF LATEST TRANSACTION
control field 20250828152809.0
008 - FIXED-LENGTH DATA ELEMENTS--GENERAL INFORMATION
fixed length control field 160627s2001 000 0 eng d
020 ## - INTERNATIONAL STANDARD BOOK NUMBER
International Standard Book Number 9588087570
040 ## - CATALOGING SOURCE
Original cataloging agency CO-CtgCURN
Language of cataloging spa
Transcribing agency coctgcurn
082 0# - DEWEY DECIMAL CLASSIFICATION NUMBER
Classification number 347
Item number L66d
100 1# - MAIN ENTRY--PERSONAL NAME
Personal name López Guzmán, Fabian.
245 13 - TITLE STATEMENT
Title El derecho de empresa :
Remainder of title la participacion de los trabajadores. La cogestion /
Statement of responsibility, etc. Fabian López Guzmán.
260 ## - PUBLICATION, DISTRIBUTION, ETC.
Place of publication, distribution, etc. Bogotá :
Name of publisher, distributor, etc. Ediciones Juridicas Gustavo Ibañez,
Date of publication, distribution, etc. 2001.
300 ## - PHYSICAL DESCRIPTION
Extent 141 p.
336 ## - CONTENT TYPE
Source rdacontent
337 ## - MEDIA TYPE
Source rdamedia
Media type term sin mediacion
Media type code n
338 ## - CARRIER TYPE
Source rdacarrier
Carrier type term volumen
Carrier type code nc
504 ## - BIBLIOGRAPHY, ETC. NOTE
Bibliography, etc. note Bibliografia (p. 137-141)
505 8# - FORMATTED CONTENTS NOTE
Formatted contents note Consideraciones previas.--Que es la cogestion?.--Panorama historico general.--Teoria sobre la cogestion.--La cogestion en Colombia.--Alcance de la norma constitucional.--Jurisprudencia de la corte constitucional sobre el articulo 57 de la constitucion.--Propuesta acerca de la reglamentacion del articulo 57 de la constitucion.--Participacion en algunos paises del mundo.--La cogestion y el derecho de empresa.--La empresa como factor de producción al interior del sistema capitalista.--El derecho de empresa.--Cristicas
650 #0 - SUBJECT ADDED ENTRY--TOPICAL TERM
Topical term or geographic name entry element Participacion en la Administración de empresas.
908 ## - PUT COMMAND PARAMETER (RLIN)
Put command parameter 160627
942 ## - ADDED ENTRY ELEMENTS (KOHA)
Koha item type Libros
Classification part 347
Item part L66d
Source of classification or shelving scheme Dewey Decimal Classification
999 ## - SYSTEM CONTROL NUMBERS (KOHA)
-- 1
Existencias
Withdrawn status Lost status Source of classification or shelving scheme Damaged status Not for loan Home library Current library Shelving location Date acquired Total checkouts Full call number Barcode Date last seen Price effective from Koha item type
    Dewey Decimal Classification     Miguel Henríquez Castañeda Miguel Henríquez Castañeda General 03/04/2019   347 L66d 005474 03/04/2019 03/04/2019 Libros